000
00322 a2200109 4500
001
ART_35092
005
20260410161821.0
008
260409a
245
1
0
_a
Un rumbo y diez caminos
100
1
_a
Vanella, Carolina A.
773
0
_t
Doctrina Penal Tributaria y Económica
_g
- Nº 38 (nov. 2015)
_w
REV4317
999
_c
22356
_d
22356